Logos des clubs de football par lettre - G - Statistiques

Statistiques générales
  • Ce quiz a été pris 119 fois
  • Le résultat moyen est 9 sur 16
Statistiques - réponses
Par images Réponse % Correct
Galatasaray
100%
{Girondins} de Bordeaux
96%
Grenoble Foot 38
92%
Genoa
91%
Getafe
90%
KRC Genk
86%
Gérone
84%
Gremio
71%
FC Groningen
53%
Go Ahead Eagles
38%
Grasshopper
36%
Gil Vicente
32%
Guangzhou FC
32%
IFK Göteborg
24%
Gamba Osaka
3%
Gimnasia La Plata
2%
Aucun quiz correspondant
Distribution des résultats
% des personnes avec chaque résultat
Percentile par nombre de réponses
Votre historique - résultats
Vous n’avez pas pris ce quiz